000
00305cam a22001451 4500
003
OSt
008
950203s1966 ii 000 0 malo
041
_a
mal
100
1
_a
Khādar, Yu. Ē.,
_9
5652
245
1
0
_a
Anuyāyi.
260
_c
[1966]
300
_a
255 p.
500
_a
In Malayalam.
942
_c
BK
999
_c
17898
_d
17898